banner koha

Observacoes preliminares sobre a epidemiologia das doencas do feijoeiro (Phaseolus vulgaris L.)e cultivares na micro-regiao do Curimatau Paraibano [Mancha angular; Ferrugem; Antracnose; Mosaico; Brasil] (Registro n. 106960)

MARC details
000 -LÍDER
campo de controle de tamanho fixo 01244nas a2200337 4500
001 - NÚMERO DE CONTROLE
campo de controle BR8102929
003 - IDENTIFICADOR DO NÚMERO DE CONTROLE
campo de controle BR-BrBNA
005 - DATA E HORÁRIO DA ÚLTIMA TRANSAÇÃO
campo de controle 20231205084732.0
007 - CAMPO FIXO DE DESCRIÇÃO FÍSICA--INFORMAÇÃO GERAL
campo de controle de tamanho fixo ta
008 - CAMPO DE DADOS FIXOS--INFORMAÇÃO GERAL
campo de controle de tamanho fixo 230509b bl.|||p| |||| 00| 00por d
040 ## - FONTE DA CATALOGAÇÃO
Instituição da catalogação original BR-BrBNA
Idioma da catalogação por
Instituição que transcreveu o registro Biblioteca Nacional de Agricultura
041 ## - CÓDIGO DE IDIOMA
Código do idioma do texto/trilha sonora ou título diferente (Pt)
072 ## - CÓDIGO DE CATEGORIA DE ASSUNTO
Código de Categoria de Assunto H20
100 1# - ENTRADA PRINCIPAL--NOME PESSOAL
Nome pessoal Araujo, E.
100 1# - ENTRADA PRINCIPAL--NOME PESSOAL
Nome pessoal Guevara, L.A.C.
100 1# - ENTRADA PRINCIPAL--NOME PESSOAL
Nome pessoal Cabral, J.B.
245 1# - TÍTULO
Título Observacoes preliminares sobre a epidemiologia das doencas do feijoeiro (Phaseolus vulgaris L.)e cultivares na micro-regiao do Curimatau Paraibano [Mancha angular; Ferrugem; Antracnose; Mosaico; Brasil]
246 1# - FORMA VARIANTE DO TÍTULO
Título/título abreviado Preliminary observation about bean (Phaseolus vulgaris L.)disease epidemiology and cultivar resistance in the Curimatau physiographic zone of the Paraiba state [Angular spot; Rust; Anthracnosis; Mosaic; Brazil]
650 ## - ASSUNTO--TERMO TÓPICO
Cabeçalho tópico ou nome geográfico Doenca de planta
650 ## - ASSUNTO--TERMO TÓPICO
Cabeçalho tópico ou nome geográfico Feijao
650 ## - ASSUNTO--TERMO TÓPICO
Cabeçalho tópico ou nome geográfico Mancha angular
650 ## - ASSUNTO--TERMO TÓPICO
Cabeçalho tópico ou nome geográfico Ferrugem
650 ## - ASSUNTO--TERMO TÓPICO
Cabeçalho tópico ou nome geográfico Antracnose
650 ## - ASSUNTO--TERMO TÓPICO
Cabeçalho tópico ou nome geográfico Mosaico
650 ## - ASSUNTO--TERMO TÓPICO
Cabeçalho tópico ou nome geográfico Variedade resistente
650 ## - ASSUNTO--TERMO TÓPICO
Cabeçalho tópico ou nome geográfico Curimata
650 ## - ASSUNTO--TERMO TÓPICO
Cabeçalho tópico ou nome geográfico Paraiba
773 0# - ENTRADA ANALÍTICA
Título Agropecuaria Tecnica (Brazil)
ISSN - International Standard Serial Number
Partes relacionadas (1980), v. 1(1) p. 7-12
Número de controle do registro BR8102929
909 ## -
-- 202311
-- Lúcia
-- 55
-- Lúcia Elande
942 ## - ELEMENTOS DE ENTRADA ADICIONADOS (KOHA)
Fonte da classificação ou esquema de arquivamento na estante Classificação AGRIS
Ocultar no OPAC Não
Tipo de material Koha Analítica
Exemplares
Situação do descarte Fonte da classificação ou esquema de arquivamento na estante Situação física Não pode ser emprestado Biblioteca de origem Biblioteca atual Localização na estante Enumeração do periódico / cronologia Total de empréstimos Data de último acesso Número do exemplar Tipo de material Koha Fonte de aquisição
  Classificação AGRIS   Consulta local Biblioteca Nacional de Agricultura - Binagri Biblioteca Nacional de Agricultura - Binagri   (1980), v. 1(1) p. 7-12   29/11/2023 01 Periódicos Portaria Interministerial nº 164/94

BINAGRI

Telefone: (61)3218-2567/2388/3357/2097 - binagri@agro.gov.br

Ministério da Agricultura e Pecuária , Esplanada dos Ministérios, Bloco D, Anexo B, Brasília/DF, CEP: 70.043-900